Crops Area and Production by Districts 2007-08 & 2008-09 / (Record no. 616903)

000 -LEADER
fixed length control field 00537nam a22001817a 4500
003 - CONTROL NUMBER IDENTIFIER
control field NUST
005 - DATE AND TIME OF LATEST TRANSACTION
control field 20260408124122.0
008 - FIXED-LENGTH DATA ELEMENTS--GENERAL INFORMATION
fixed length control field 260408b ||||| |||| 00| 0 eng d
020 ## - INTERNATIONAL STANDARD BOOK NUMBER
International Standard Book Number 978-9698581169
082 ## - DEWEY DECIMAL CLASSIFICATION NUMBER
Classification number 630.95491
Author Mark PAK
100 ## - MAIN ENTRY--PERSONAL NAME
Personal name Ministry of Food and Agriculture
9 (RLIN) 133987
245 ## - TITLE STATEMENT
Title Crops Area and Production by Districts 2007-08 & 2008-09 /
Statement of responsibility, etc. Ministry of Food and Agriculture.
250 ## - EDITION STATEMENT
Edition statement 10th Edition
260 ## - PUBLICATION, DISTRIBUTION, ETC.
Place of publication, distribution, etc. Pakistan:
Name of publisher, distributor, etc. GOP,
Date of publication, distribution, etc. 2010.
300 ## - PHYSICAL DESCRIPTION
Extent 207 p ;
Dimensions 30.00 cm
563 ## - BINDING INFORMATION
Binding note Paperback
942 ## - ADDED ENTRY ELEMENTS (KOHA)
Source of classification or shelving scheme
Koha item type Book
Holdings
Withdrawn status Lost status Source of classification or shelving scheme Damaged status Not for loan Permanent Location Current Location Date acquired Total Checkouts Full call number Barcode Date last seen Price effective from Koha item type
          Institute of Geographical Information Systems (IGIS) Institute of Geographical Information Systems (IGIS) 04/08/2026   630.95491 PAK IGIS-862 04/08/2026 04/08/2026 Book
© 2023 Central Library, National University of Sciences and Technology. All Rights Reserved.